Countries of South America with Map - Statistics

General Stats
  • This quiz has been taken 105 times
  • The average score is 12 of 12
Answers on the Map
Answers color-coded by a green-red scale on the quiz's map according to % correct below.
 
Answer Stats
Continent Country % Correct
South America Argentina
100%
South America Bolivia
100%
South America Brazil
100%
South America Chile
100%
South America Colombia
100%
South America Ecuador
100%
South America Peru
100%
South America Venezuela
100%
South America Uruguay
98%
South America Paraguay
97%
South America Guyana
93%
South America Suriname
93%
No matching quizzes found
Score Distribution
Percent of People with Each Score
Percentile by Number Answered
Your Score History
You have not taken this quiz